[Event "Ruhrgebiet Verbandsbezirksliga Gr 1"]
[Site "Ruhrgebiet"]
[Date "2018.11.11"]
[Round "3.6"]
[White "Wefers, Simon"]
[Black "Grasse, Herbert"]
[Result "0-1"]
[WhiteElo "1669"]
[BlackElo "1585"]
[PlyCount "64"]
[EventDate "2018.09.30"]
[EventType "team-tourn"]
[EventRounds "9"]
[EventCountry "GER"]
[SourceTitle "EXT 2022"]
[Source "ChessBase"]
[SourceDate "2021.10.06"]
[SourceVersion "1"]
[SourceVersionDate "2021.10.06"]
[SourceQuality "1"]
[WhiteTeam "Ahlen SV II"]
[BlackTeam "Kamen SV III"]
[WhiteTeamCountry "GER"]
[BlackTeamCountry "GER"]

1. e4 c5 2. c3 e6 3. d4 cxd4 4. cxd4 Nf6 5. Nc3 d6 6. Nf3 Nbd7 7. Bc4 Be7 8. 0-0 0-0 9. Bf4 a6 10. Rc1 b5 11. Bb3 b4 12. Ne2 Nxe4 13. Qc2 d5 14. Qc7 Qxc7 15. Rxc7 Bd8 16. Rc2 Nb6 17. Rfc1 a5 18. a4 Ba6 19. Ng3 Nxg3 20. Bxg3 Bf6 21. Be5 Rfc8 22. Bxf6 gxf6 23. Nd2 Rxc2 24. Rxc2 Rc8 25. f4 Rxc2 26. Bxc2 Nc4 27. Nxc4 dxc4 28. Kf2 h6 29. Ke3 Bb7 30. g4 Bc6 31. b3 c3 32. Kd3 f5 0-1

[Event "Ruhrgebiet Bezirksliga 17/18"]
[Site "Ruhrgebiet"]
[Date "2017.11.19"]
[Round "4.5"]
[White "Brunberg, Ingo"]
[Black "Wefers, Simon"]
[Result "1-0"]
[WhiteElo "1788"]
[BlackElo "1506"]
[PlyCount "105"]
[EventDate "2017.09.03"]
[EventType "team-tourn"]
[EventRounds "9"]
[EventCountry "GER"]
[SourceTitle "EXT 2022"]
[Source "ChessBase"]
[SourceDate "2021.10.06"]
[SourceVersion "1"]
[SourceVersionDate "2021.10.06"]
[SourceQuality "1"]
[WhiteTeam "Werl Wickede SG"]
[BlackTeam "Ahlen SV II"]
[WhiteTeamCountry "GER"]
[BlackTeamCountry "GER"]

1. e4 e6 2. d3 d5 3. Nd2 dxe4 4. Nxe4 Nd7 5. Nf3 Ngf6 6. Bg5 Be7 7. Qd2 b6 8. Be2 Bb7 9. Nxf6+ Nxf6 10. 0-0 0-0 11. Rfe1 h6 12. Bh4 Qd5 13. Red1 Rad8 14. Qc3 g5 15. Bg3 Nh5 16. Qe5 Nxg3 17. hxg3 Qc6 18. c3 f5 19. d4 a6 20. Bf1 Bf6 21. Qe2 Rf7 22. Re1 Re8 23. Qc4 Qxc4 24. Bxc4 Rfe7 25. Ne5 b5 26. Bd3 Bxe5 27. Rxe5 Kf7 28. b4 Rd8 29. a4 c6 30. Rae1 Rde8 31. Bc2 Kf6 32. f3 h5 33. Kf2 g4 34. Rh1 Kg5 35. Bd1 Bc8 36. Rh4 Bb7 37. fxg4 hxg4 38. Rxg4+ Kf6 39. Rh4 Kg5 40. Rh1 Kf6 41. a5 Rg8 42. Bf3 Rgg7 43. Rh3 Rg6 44. Ke3 Rgg7 45. Kf4 Rg6 46. Re1 Reg7 47. Reh1 Rg5 48. Rh6+ R5g6 49. Rxg6+ Kxg6 50. Ke5 Re7 51. Rh8 Kg7 52. Kd6 Rf7 53. Rd8 1-0

[Event "Ruhrgebiet Bezirksliga 17/18"]
[Site "Ruhrgebiet"]
[Date "2017.09.17"]
[Round "2.7"]
[White "Krukowski, Wojtek"]
[Black "Wefers, Simon"]
[Result "0-1"]
[WhiteElo "1645"]
[BlackElo "1505"]
[PlyCount "112"]
[EventDate "2017.09.03"]
[EventType "team-tourn"]
[EventRounds "9"]
[EventCountry "GER"]
[SourceTitle "EXT 2022"]
[Source "ChessBase"]
[SourceDate "2021.10.06"]
[SourceVersion "1"]
[SourceVersionDate "2021.10.06"]
[SourceQuality "1"]
[WhiteTeam "Hamm Koenigsspringer II"]
[BlackTeam "Ahlen SV II"]
[WhiteTeamCountry "GER"]
[BlackTeamCountry "GER"]

1. e4 e6 2. Nf3 d5 3. exd5 exd5 4. d4 Bd6 5. c4 dxc4 6. Bxc4 Nf6 7. 0-0 0-0 8. Nc3 Nc6 9. Bg5 h6 10. h4 Be7 11. Re1 Bg4 12. d5 Bxf3 13. Qxf3 Nxd5 14. Bxe7 Ndxe7 15. Rad1 Qc8 16. Bd3 Ng6 17. Bf5 Nxh4 18. Bxc8 Nxf3+ 19. gxf3 Raxc8 20. Rd2 Rfd8 21. Red1 Rxd2 22. Rxd2 Ne5 23. Kg2 Nc4 24. Rc2 Rd8 25. Nb5 c6 26. Rxc4 cxb5 27. Rc7 Rb8 28. b4 a6 29. a3 Rd8 30. Rxb7 Rd3 31. a4 bxa4 32. Rb6 Rd4 33. Rxa6 Rxb4 34. Ra8+ Kh7 35. Kg3 Kg6 36. Ra5 Kf6 37. f4 Ke6 38. f5+ Kf6 39. f4 Rb3+ 40. Kg4 a3 41. Ra6+ Ke7 42. Ra7+ Kd6 43. Rxf7 a2 44. Ra7 Rb2 45. Kh5 Rh2+ 46. Kg6 Rg2+ 47. Kf7 h5 48. f6 gxf6 49. Kxf6 h4 50. f5 h3 51. Ra6+ Kc5 52. Ke7 h2 53. f6 h1Q 54. f7 Qe1+ 55. Re6 Qxe6+ 56. Kxe6 Rf2 0-1

[Event "Ruhrgebiet Bezirksliga 16/17"]
[Site "Ruhrgebiet"]
[Date "2017.02.12"]
[Round "8.5"]
[White "Boelling, Andreas"]
[Black "Wefers, Simon"]
[Result "1-0"]
[WhiteElo "1692"]
[BlackElo "1479"]
[PlyCount "55"]
[EventDate "2016.08.28"]
[EventType "team-tourn"]
[EventRounds "11"]
[EventCountry "GER"]
[SourceTitle "EXT 2022"]
[Source "ChessBase"]
[SourceDate "2021.10.06"]
[SourceVersion "1"]
[SourceVersionDate "2021.10.06"]
[SourceQuality "1"]
[WhiteTeam "Hamm SV II"]
[BlackTeam "Ahlen SV II"]
[WhiteTeamCountry "GER"]
[BlackTeamCountry "GER"]

1. e4 c5 2. Nf3 g6 3. c3 Bg7 4. d4 cxd4 5. cxd4 d6 6. h3 Nc6 7. Be3 Nf6 8. Nc3 0-0 9. Qd2 b6 10. Bd3 Bb7 11. Rc1 Rc8 12. 0-0 Re8 13. Bb1 Nd7 14. Ng5 Na5 15. b3 e5 16. d5 Ba6 17. Rfe1 Nb7 18. f4 Nbc5 19. b4 Nb7 20. b5 exf4 21. Bxf4 Bxc3 22. Rxc3 Bxb5 23. Rxc8 Qxc8 24. Qf2 h6 25. Nf3 Kg7 26. Qb2+ Ne5 27. Bxe5+ dxe5 28. Qxb5 1-0

[Event "Ruhrgebiet Bezirksliga 16/17"]
[Site "Ruhrgebiet"]
[Date "2016.12.11"]
[Round "5.6"]
[White "Unruh, Markus"]
[Black "Wefers, Simon"]
[Result "1/2-1/2"]
[WhiteElo "1679"]
[BlackElo "1479"]
[PlyCount "61"]
[EventDate "2016.08.28"]
[EventType "team-tourn"]
[EventRounds "11"]
[EventCountry "GER"]
[SourceTitle "EXT 2022"]
[Source "ChessBase"]
[SourceDate "2021.10.06"]
[SourceVersion "1"]
[SourceVersionDate "2021.10.06"]
[SourceQuality "1"]
[WhiteTeam "Hamm SG Caissa"]
[BlackTeam "Ahlen SV II"]
[WhiteTeamCountry "GER"]
[BlackTeamCountry "GER"]

1. e4 c5 2. Nf3 g6 3. d4 cxd4 4. Nxd4 Bg7 5. c3 d6 6. Be3 Nf6 7. Bd3 Nc6 8. 0-0 0-0 9. Nd2 Ne5 10. N2f3 Bg4 11. h3 Nxd3 12. Qxd3 Bd7 13. e5 Ne8 14. Qe4 dxe5 15. Nxe5 Nd6 16. Qd5 Qc7 17. Nxd7 Qxd7 18. Rfd1 Rfd8 19. Nf3 Qf5 20. Qxf5 Nxf5 21. Rxd8+ Rxd8 22. Bxa7 Rd5 23. g4 Nd6 24. Bd4 e5 25. Be3 Nc4 26. Kf1 Nxb2 27. Nd2 b5 28. Rb1 Na4 29. c4 Rd8 30. cxb5 Nc3 31. Rb3 1/2-1/2

[Event "Ruhrgebiet Bezirksliga 16/17"]
[Site "Ruhrgebiet"]
[Date "2016.08.28"]
[Round "1.7"]
[White "Wefers, Simon"]
[Black "Weigang, Peter"]
[Result "1/2-1/2"]
[WhiteElo "1477"]
[BlackElo "1600"]
[PlyCount "51"]
[EventDate "2016.08.28"]
[EventType "team-tourn"]
[EventRounds "11"]
[EventCountry "GER"]
[SourceTitle "EXT 2022"]
[Source "ChessBase"]
[SourceDate "2021.10.06"]
[SourceVersion "1"]
[SourceVersionDate "2021.10.06"]
[SourceQuality "1"]
[WhiteTeam "Ahlen SV II"]
[BlackTeam "Hamm Koenigsspringer II"]
[WhiteTeamCountry "GER"]
[BlackTeamCountry "GER"]

1. e4 c6 2. d4 d5 3. e5 Bf5 4. Nf3 h6 5. Bd3 Bxd3 6. Qxd3 e6 7. Be3 Nd7 8. Nbd2 c5 9. c3 Rc8 10. 0-0 c4 11. Qc2 Ne7 12. Kh1 Nc6 13. Rg1 Be7 14. h3 b5 15. a3 a6 16. Rgb1 Nb6 17. Kg1 0-0 18. Kh1 Qc7 19. Rg1 Ra8 20. g4 f6 21. Qg6 Qd7 22. Bxh6 Bd8 23. Be3 fxe5 24. dxe5 Qf7 25. Qh5 Nd7 26. Bd4 1/2-1/2